Designing with solar power (Record no. 103732)
[ view plain ]
| 000 -LEADER | |
|---|---|
| fixed length control field | 01146cam a2200229 4500 |
| 001 - CONTROL NUMBER | |
| control field | L127322 |
| 008 - FIXED-LENGTH DATA ELEMENTS--GENERAL INFORMATION | |
| fixed length control field | 040910n2005 000 0 eng u |
| 020 ## - INTERNATIONAL STANDARD BOOK NUMBER | |
| International Standard Book Number | 1876907177 |
| 035 ## - SYSTEM CONTROL NUMBER | |
| System control number | (Sirsi) u127322 |
| 041 ## - LANGUAGE CODE | |
| Language code of text/sound track or separate title | eng |
| 050 ## - LIBRARY OF CONGRESS CALL NUMBER | |
| Classification number | 621.31244 |
| -- | 22 |
| 245 ## - TITLE STATEMENT | |
| Title | Designing with solar power |
| Remainder of title | a source book for building integrated photovoltaics (BiPV) |
| 260 ## - PUBLICATION, DISTRIBUTION, ETC. | |
| Place of publication, distribution, etc. | London |
| Name of publisher, distributor, etc. | Earthscan |
| Date of publication, distribution, etc. | 2005 |
| 300 ## - PHYSICAL DESCRIPTION | |
| Extent | 252p. |
| Other physical details | ill. |
| Dimensions | 31cm. |
| 350 ## - PRICE (NR) (BK AM CF MU VM SE) [OBSOLETE] | |
| Price | 39.95 |
| 520 ## - SUMMARY, ETC. | |
| Summary, etc. | This book on designing with solar electric power in buildings is the result of international collaborative research carried out within the framework of the International Energy Agency's Photovoltaic Power Systems Programme. Chapters examine the basics of solar power and electrical concepts, how photovoltaics can be integrated into the design and creation of 21st century buildings, the potential for BiPV, and market deployment strategies. Also contains over 20 international BiPV case studies. Glossary and references. |
| 590 ## - LOCAL NOTE (RLIN) | |
| Local note | IKA070605 |
| 690 ## - LOCAL SUBJECT ADDED ENTRY--TOPICAL TERM (OCLC, RLIN) | |
| Topical term or geographic name as entry element | BUILT ENVIRONMENT-CONSTRUCTION DESIGN |
| 700 ## - ADDED ENTRY--PERSONAL NAME | |
| Personal name | Prasad, Deo |
| International Standard Serial Number | Editor |
| 700 ## - ADDED ENTRY--PERSONAL NAME | |
| Personal name | Snow, Mark |
| International Standard Serial Number | Editor |
| 942 ## - ADDED ENTRY ELEMENTS (KOHA) | |
| Suppress in OPAC | 0 |
| Withdrawn status | Lost status | Source of classification or shelving scheme | Damaged status | Not for loan | Home library | Current library | Shelving location | Date acquired | Cost, normal purchase price | Total Checkouts | Full call number | Barcode | Date last seen | Date last checked out | Copy number | Cost, replacement price | Price effective from | Koha item type |
|---|---|---|---|---|---|---|---|---|---|---|---|---|---|---|---|---|---|---|
| Dewey Decimal Classification | London | London | Folio | 27/05/2005 | 39.50 | 2 | F621.31244 PRA | 30069894 | 06/08/2019 | 30/03/2006 | 1 | 39.50 | 06/08/2019 | Book |